000 00785cab a2200229 4500
001 X56
008 090401t1991 xxu||||| |||| 00| 0 eng d
035 _a(Sirsi) u44826
041 _aeng
100 _aSouth, G.
245 _aCEDC takes root despite east`s political mire
260 _c1991
350 _a0
490 _aChartered Surveyor Weekly
_v37 (9) 14 November 1991, 26-27(2)
520 _aCEDC, an umbrella organisation of North American investors, was initiated as a close-ended fund by a Canadian financier of Hungarian origin. It now has footholds in many parts of eastern Europe.
650 _aCENTRAL EUROPEAN DEVELOPMENT CORPORATION
650 _aEASTERN EUROPE
650 _aPROPERTY FUND
690 _aOVERSEAS-EUROPE
942 _n0
948 _c04/03/1997
999 _c28483
_d28483